| 000 | 00584nam a22001577a 4500 | ||
|---|---|---|---|
| 003 | 0 | ||
| 005 | 20231106140518.0 | ||
| 008 | 221006b xxu||||| |||| 00| 0 eng d | ||
| 050 |
_aKF1444 _b.M48 2022 |
||
| 100 | _aManuelle Vianka L. Metrillo | ||
| 245 |
_aThe measurement of usage of the electronic filing system of the bureau of internal revenue at RDO53B Muntinlupa City _cManuelle Vianka L. Metrillo |
||
| 260 |
_aLas Pinas, Philippines _bSouthville International School and Colleges _cC2022 |
||
| 300 |
_aix,105pp. _c28cm _fTheses |
||
| 500 | _aElectronic filing. | ||
| 942 |
_2lcc _cTH |
||
| 999 |
_c364829 _d364829 |
||